Cancionero popular de Extremadura / (Record no. 39556)

MARC details
000 -LEADER
campo de control de longitud fija 00727nam a2200217 i 4500
001 - NÚMERO DE CONTROL
campo de control 39556
003 - IDENTIFICADOR DE NÚMERO DE CONTROL
campo de control ES-MaACL
005 - FECHA Y HORA DE LA ÚLTIMA TRANSACCIÓN
campo de control 20250610143101.0
007 - CAMPO FIJO DE DESCRIPCIÓN FÍSICA--INFORMACIÓN GENERAL
campo de control de longitud fija t|
008 - DATOS DE LONGITUD FIJA--INFORMACIÓN GENERAL
campo de control de longitud fija 030303s1931 sp ||||1| spa d
245 00 - MENCIÓN DEL TÍTULO
Título Cancionero popular de Extremadura /
Mención de responsabilidad, etc. colección, estudio y notas de Bonifacio Gil García.
260 ## - PUBLICACIÓN, DISTRIBUCIÓN, ETC.
Lugar de publicación, distribución, etc. Valls :
Nombre del editor, distribuidor, etc. [s.n.,
Fecha de publicación, distribución, etc. 1931] (
Fabricante E. Castells)
300 ## - DESCRIPCIÓN FÍSICA
Extensión 2 v. ;
Dimensiones 24 cm.
500 ## - NOTA GENERAL
Nota general Precede al tít.: Centro de Estudios Extremeños, Badajoz.
500 ## - NOTA GENERAL
Nota general Notac. musicales.
650 #4 - PUNTO DE ACCESO ADICIONAL DE MATERIA--TÉRMINO DE MATERIA
Término de materia o nombre geográfico como elemento de entrada Canciones populares-
Subdivisión geográfica Extremadura.
9 (RLIN) 10734
700 1# - ENTRADA AGREGADA--NOMBRE PERSONAL
Nombre de persona Gil, Bonifacio,
Fechas asociadas al nombre 1898-1964
9 (RLIN) 56719
710 2# - ENTRADA AGREGADA--NOMBRE DE ENTIDAD CORPORATIVA
Nombre de entidad corporativa o nombre de jurisdicción como elemento de entrada Centro de Estudios Extremeños.
9 (RLIN) 2625
852 ## - LOCALIZACIÓN
Ubicación ES-MaACL
Número de control de estantería C-12001-2
Holdings
Estatus retirado Estado de pérdida Estado de daño No para préstamo Biblioteca de origen Biblioteca actual Ubicación en estantería Fecha de adquisición Fuente de adquisición Total de préstamos Signatura topográfica completa Código de barras Visto por última vez Precio de reemplazo Tipo de ítem Koha
        Biblioteca del Ateneo de Madrid Biblioteca del Ateneo de Madrid Sala Palomar 17/01/2008     C-12001-2 1041656 23/02/2023 23/02/2023 Libro impreso